000
00514nam a22001217a 4500
008
110627t xxu||||| |||| 00| 0 eng d
010
_a
HCCS F91
245
_a
The High Court CiVil Suit No. 494/91 Idi Kakembo & 5 others Vs T.M.K.& Another.
260
_c
1991
500
_a
Before: Hon. Mr. Justice W. K.M. Kityo
999
_c
4043
_d
4043